000 00669nam a2200229Ia 4500
003 OSt
005 20220925204302.0
006 a|||||r|||| 00| 0
007 ta
008 220923b |||||||| |||| 00| 0 eng d
037 _cGeneral Book
040 _aRTL
_cRTL
_beng
041 _2eng
_aeng
082 _aX9(J).1.N38r, G8
110 _aLEAGUE OF NATIONS
_910770
245 0 _aReport of the systems of agricultural credit and insaurance
260 _aGeneva
_bLeague of Nations Publications
_c1938
300 _aviii, 116p
_ccm.
700 _aLEAGUE OF NATIONS
_910771
942 _hX9(J).1.N38r, G8
_cGB
_2CC
999 _c548994
_d548994